Statistiques concernant Les Desserts

Cliquez ici pour prendre le quiz!

Statistiques générales

  • Ce quiz a été pris 204 fois
  • Le résultat moyen est 15 sur 20

Statistiques - réponses

Réponse% Correct
Croissant
100%
Glace
99%
Macaron
99%
Eclair
98%
Crepe
96%
Donut
93%
Bonbon
91%
Tartine
87%
Cupcake
85%
Gaufre
85%
Smarties
85%
Flan
82%
Muffin
79%
Gateau
72%
Foret Noire
65%
Charlotte
64%
Tarte
63%
Chocolat Noir
46%
Kougelhopf
11%
Chou à la crème
10%

Distribution des résultats

Percentile par nombre de réponses

% des personnes avec chaque résultat

Votre développement - résultats

Vous n’avez pas pris ce quiz